[Event "Liga Madrileña - DH 2017-2018"]
[Site "Madrid ESP"]
[Date "2017.11.19"]
[Round "1.36"]
[White "Unciti Juan, Javier"]
[Black "Cao Armillas, Jesus"]
[Result "1-0"]
[WhiteElo "1999"]
[BlackElo "2112"]
[PlyCount "101"]
[EventDate "2017.11.19"]
[EventType "team-tourn"]
[EventRounds "14"]
[EventCountry "ESP"]
[SourceTitle "Ajedrez en Madrid"]
[Source "lmi"]
[SourceDate "2017.11.19"]
[WhiteTeam "La Casa del Ajedrez"]
[BlackTeam "Collado Villalba"]
[WhiteTeamCountry "ESP"]
[BlackTeamCountry "ESP"]

1. e4 c5 2. Nf3 d6 3. d4 cxd4 4. Nxd4 Nf6 5. Nc3 a6 6. h3 e6 7. Be3 Be7 8. g4
b5 9. Bg2 Bb7 10. a3 Qc7 11. O-O Nc6 12. Nxc6 Bxc6 13. Qd3 O-O 14. Rad1 Rfd8
15. f4 Qb7 16. g5 Nd7 17. Qe2 Nc5 18. Bc1 a5 19. b4 axb4 20. axb4 Na4 21. Nxa4
Rxa4 22. c3 Rda8 23. Rd2 e5 24. Qf3 exf4 25. Qxf4 Bf8 26. Rdf2 Ra1 27. Qxf7+
Qxf7 28. Rxf7 Rxc1 29. Rxf8+ Rxf8 30. Rxc1 Re8 31. Re1 Re5 32. h4 d5 33. Kf2
dxe4 34. Ke3 g6 35. Rf1 Kg7 36. Rf4 h6 37. gxh6+ Kxh6 38. Bxe4 Kh5 39. Kd4 Re6
40. Bxc6 Rxc6 41. Re4 Kh6 42. Kd3 Rd6+ 43. Rd4 Rf6 44. c4 bxc4+ 45. Kxc4 Kg7
46. b5 Kf7 47. Kc5 Ke7 48. b6 Rf5+ 49. Kc6 Rf1 50. b7 Rb1 51. Rd5 1-0

[Event "Liga Madrileña - DH 2017-2018"]
[Site "Madrid ESP"]
[Date "2017.11.19"]
[Round "1.41"]
[White "Lianes Garcia, Marcos"]
[Black "Ruperez Benito, Antonio"]
[Result "0-1"]
[WhiteElo "2318"]
[BlackElo "2324"]
[PlyCount "48"]
[EventDate "2017.11.19"]
[EventType "team-tourn"]
[EventRounds "14"]
[EventCountry "ESP"]
[SourceTitle "Ajedrez en Madrid"]
[Source "lmi"]
[SourceDate "2017.11.19"]
[WhiteTeam "Villaverde"]
[BlackTeam "64 Villalba"]
[WhiteTeamCountry "ESP"]
[BlackTeamCountry "ESP"]

1. d4 e6 2. c4 d5 3. Nc3 Be7 4. Nf3 Nf6 5. Bg5 O-O 6. e3 h6 7. Bh4 Ne4 8. Bxe7
Qxe7 9. g4 c5 10. Rg1 cxd4 11. exd4 Nc6 12. g5 hxg5 13. Bd3 Nxc3 14. bxc3 g4
15. Ne5 Nxe5 16. dxe5 f5 17. exf6 Qxf6 18. Qd2 Qe5+ 19. Kd1 Bd7 20. Rxg4 Ba4+
21. Bc2 Bxc2+ 22. Qxc2 dxc4 23. Rh4 Rad8+ 24. Kc1 Qg5+ 0-1

[Event "Liga Madrileña - DH 2017-2018"]
[Site "Madrid ESP"]
[Date "2017.11.19"]
[Round "1.42"]
[White "Vega Gomez, Francisco Borja"]
[Black "Diezma Aganzo, Jose Luis"]
[Result "1/2-1/2"]
[WhiteElo "2300"]
[BlackElo "2233"]
[PlyCount "61"]
[EventDate "2017.11.19"]
[EventType "team-tourn"]
[EventRounds "14"]
[EventCountry "ESP"]
[SourceTitle "Ajedrez en Madrid"]
[Source "lmi"]
[SourceDate "2017.11.19"]
[WhiteTeam "64 Villalba"]
[BlackTeam "Villaverde"]
[WhiteTeamCountry "ESP"]
[BlackTeamCountry "ESP"]

1. d4 Nf6 2. Nf3 g6 3. g3 Bg7 4. Bg2 O-O 5. O-O d6 6. Nc3 Nbd7 7. e4 e5 8. h3
c6 9. a4 a5 10. Be3 Re8 11. Re1 Qc7 12. Qd2 Nf8 13. Rad1 Ne6 14. d5 cxd5 15.
exd5 Nf8 16. Nb5 Qd8 17. Bg5 b6 18. g4 Ba6 19. Bf1 Qd7 20. Nh2 Re7 21. Bxf6
Bxf6 22. g5 Bg7 23. Ng4 Qd8 24. Nf6+ Bxf6 25. gxf6 Rd7 26. Nd4 Bxf1 27. Nc6
Qxf6 28. Kxf1 h5 29. Re3 Qf4 30. Kg2 Nh7 31. Rg3 1/2-1/2

[Event "Liga Madrileña - DH 2017-2018"]
[Site "Madrid ESP"]
[Date "2017.11.19"]
[Round "1.43"]
[White "Quispe Arteaga, Gabriel"]
[Black "Longa Yauca, Javier"]
[Result "1-0"]
[WhiteElo "2222"]
[BlackElo "2252"]
[PlyCount "110"]
[EventDate "2017.11.19"]
[EventType "team-tourn"]
[EventRounds "14"]
[EventCountry "ESP"]
[SourceTitle "Ajedrez en Madrid"]
[Source "lmi"]
[SourceDate "2017.11.19"]
[WhiteTeam "Villaverde"]
[BlackTeam "64 Villalba"]
[WhiteTeamCountry "ESP"]
[BlackTeamCountry "ESP"]

1. Nf3 d5 2. g3 Nf6 3. Bg2 Bf5 4. O-O c6 5. d3 h6 6. c4 e6 7. cxd5 exd5 8. Qb3
Qb6 9. Qc2 Na6 10. a3 Be7 11. Nc3 O-O 12. e4 Bh7 13. Be3 Qd8 14. Rad1 Ng4 15.
Bc1 d4 16. Ne2 c5 17. e5 h5 18. h3 Nh6 19. Bxh6 gxh6 20. h4 Nc7 21. Qc1 Kg7 22.
Nf4 Bg6 23. Ne1 Rb8 24. Bf3 Ne6 25. Neg2 Nxf4 26. Nxf4 Kh7 27. Bxh5 Rg8 28.
Bxg6+ fxg6 29. Qc4 Qf8 30. Ng2 Qf3 31. Rde1 b5 32. Qc2 Rgf8 33. Re4 g5 34. hxg5
hxg5 35. Ne1 Qf5 36. Qe2 Kg6 37. f4 Qh3 38. Qg2 Qxg2+ 39. Nxg2 c4 40. g4 gxf4
41. Nxf4+ Rxf4 42. Rexf4 c3 43. Kg2 cxb2 44. R4f2 Bxa3 45. Rf6+ Kg7 46. Rf7+
Kg8 47. Rxa7 Rf8 48. Rb1 b4 49. e6 Re8 50. e7 Kf7 51. Re1 Kf6 52. Kg3 Rc8 53.
Kf4 Kg6 54. g5 Re8 55. Kg4 Rc8 1-0

[Event "Liga Madrileña - DH 2017-2018"]
[Site "Madrid ESP"]
[Date "2017.11.19"]
[Round "1.44"]
[White "Gimenez Menchon, Cesar"]
[Black "Iagar, Razvan Gabriel"]
[Result "0-1"]
[WhiteElo "2171"]
[BlackElo "2170"]
[PlyCount "86"]
[EventDate "2017.11.19"]
[EventType "team-tourn"]
[EventRounds "14"]
[EventCountry "ESP"]
[SourceTitle "Ajedrez en Madrid"]
[Source "lmi"]
[SourceDate "2017.11.19"]
[WhiteTeam "64 Villalba"]
[BlackTeam "Villaverde"]
[WhiteTeamCountry "ESP"]
[BlackTeamCountry "ESP"]

1. e4 e6 2. d4 d5 3. Bd3 dxe4 4. Bxe4 Nf6 5. Bf3 c5 6. Ne2 Nc6 7. Be3 cxd4 8.
Nxd4 Ne5 9. Nc3 Bb4 10. Ndb5 Nxf3+ 11. Qxf3 Qa5 12. O-O-O O-O 13. a3 Bxc3 14.
Nxc3 a6 15. Rd4 Rb8 16. Qg3 Ra8 17. Bg5 Kh8 18. Bxf6 gxf6 19. Ne4 Qe5 20. Rhd1
Qxg3 21. hxg3 f5 22. Nd6 b5 23. R1d3 Ra7 24. Kd2 Kg7 25. Kc3 Rc7+ 26. Kb3 e5
27. Rb4 Be6+ 28. c4 bxc4+ 29. Nxc4 Rfc8 30. Rc3 Rc6 31. Ra4 Kf6 32. Rb4 Kg5 33.
Rc1 h5 34. Rc3 e4 35. Ra4 Kg4 36. Rb4 f4 37. Ra4 Rxc4 38. Raxc4 Rxc4 39. Rxc4
Bxc4+ 40. Kxc4 fxg3 41. fxg3 Kxg3 42. Kd4 Kxg2 43. b4 h4 0-1

[Event "Liga Madrileña - DH 2017-2018"]
[Site "Madrid ESP"]
[Date "2017.11.19"]
[Round "1.45"]
[White "Garcia Dorado, Alberto"]
[Black "Pascual Palomo, Lucia"]
[Result "1-0"]
[WhiteElo "2146"]
[BlackElo "2117"]
[PlyCount "77"]
[EventDate "2017.11.19"]
[EventType "team-tourn"]
[EventRounds "14"]
[EventCountry "ESP"]
[SourceTitle "Ajedrez en Madrid"]
[Source "lmi"]
[SourceDate "2017.11.19"]
[WhiteTeam "Villaverde"]
[BlackTeam "64 Villalba"]
[WhiteTeamCountry "ESP"]
[BlackTeamCountry "ESP"]

1. d4 e6 2. g3 c5 3. Nf3 Nc6 4. Bg2 cxd4 5. Nxd4 d5 6. O-O Nf6 7. c4 e5 8. Nxc6
bxc6 9. cxd5 cxd5 10. Nc3 e4 11. Bg5 Be6 12. Qa4+ Qd7 13. Nb5 Rb8 14. Nc7+ Kd8
15. Nxe6+ fxe6 16. Qd4 Be7 17. Bh3 Rb6 18. Kg2 Qb5 19. Rac1 Kd7 20. Rfd1 Kd8
21. a4 Qxe2 22. a5 Rd6 23. Qxa7 Ke8 24. Qa8+ Bd8 25. Rd2 Qb5 26. Rc8 Ke7 27.
Rdc2 Re8 28. R2c5 Qa6 29. Qxa6 Rxa6 30. b4 h6 31. Bd2 Nd7 32. R5c6 Rxc6 33.
Rxc6 Kf7 34. Rd6 Nf8 35. b5 Be7 36. Rc6 Rb8 37. b6 Bd8 38. Bf4 Rb7 39. Bc7 1-0

[Event "Liga Madrileña - DH 2017-2018"]
[Site "Madrid ESP"]
[Date "2017.11.19"]
[Round "1.46"]
[White "Veganzonez Rojo, David"]
[Black "Lopez Andujar Ocaña, Antonio"]
[Result "1/2-1/2"]
[WhiteElo "2110"]
[BlackElo "2094"]
[PlyCount "32"]
[EventDate "2017.11.19"]
[EventType "team-tourn"]
[EventRounds "14"]
[EventCountry "ESP"]
[SourceTitle "Ajedrez en Madrid"]
[Source "lmi"]
[SourceDate "2017.11.19"]
[WhiteTeam "64 Villalba"]
[BlackTeam "Villaverde"]
[WhiteTeamCountry "ESP"]
[BlackTeamCountry "ESP"]

1. e4 e5 2. Nc3 Nf6 3. Bc4 Nc6 4. d3 Bc5 5. f4 d6 6. Nf3 O-O 7. f5 Na5 8. Bg5
c6 9. a3 Nxc4 10. dxc4 Qb6 11. Bxf6 gxf6 12. b4 Bf2+ 13. Kf1 Bd4 14. Nxd4 exd4
15. Qg4+ Kh8 16. Qh4 dxc3 1/2-1/2

[Event "Liga Madrileña - DH 2017-2018"]
[Site "Madrid ESP"]
[Date "2017.11.26"]
[Round "2.11"]
[White "Pulvett Marin, Daniel"]
[Black "Moreno Trujillo, Alejandro"]
[Result "1-0"]
[WhiteElo "2445"]
[BlackElo "2498"]
[PlyCount "79"]
[EventDate "2017.11.19"]
[EventType "team-tourn"]
[EventRounds "14"]
[EventCountry "ESP"]
[SourceTitle "Ajedrez en Madrid"]
[Source "lmi"]
[SourceDate "2017.11.19"]
[WhiteTeam "Alcorcon"]
[BlackTeam "64 Villalba"]
[WhiteTeamCountry "ESP"]
[BlackTeamCountry "ESP"]

1. d4 Nf6 2. c4 e6 3. Nf3 Bb4+ 4. Nbd2 O-O 5. a3 Be7 6. Qc2 d5 7. e4 dxe4 8.
Nxe4 Nxe4 9. Qxe4 f5 10. Qc2 c5 11. dxc5 Bf6 12. Bd2 e5 13. O-O-O Nc6 14. Bc3
Qe7 15. Rd6 Be6 16. Be2 e4 17. Nd2 Ne5 18. Nb3 Bg5+ 19. Kb1 Nxc4 20. Rxe6 Qxe6
21. h4 Be7 22. Nd4 Qf7 23. g4 Bf6 24. gxf5 Rfe8 25. Ne6 b5 26. Rg1 Kh8 27. h5
Bxc3 28. Bxc4 bxc4 29. Qxc3 Qf6 30. Qxf6 gxf6 31. Rc1 Rab8 32. Rxc4 Rb3 33. c6
Kg8 34. c7 Kf7 35. Rxe4 Rd3 36. Rg4 Ke7 37. Rg7+ Kd6 38. Rxh7 Rd5 39. Rf7 Ke5
40. Rf8 1-0

[Event "Liga Madrileña - DH 2017-2018"]
[Site "Madrid ESP"]
[Date "2017.11.26"]
[Round "2.12"]
[White "Garrido Dominguez, Jesus"]
[Black "Vallejo Diaz, Javier"]
[Result "1-0"]
[WhiteElo "2395"]
[BlackElo "2376"]
[PlyCount "59"]
[EventDate "2017.11.19"]
[EventType "team-tourn"]
[EventRounds "14"]
[EventCountry "ESP"]
[SourceTitle "Ajedrez en Madrid"]
[Source "lmi"]
[SourceDate "2017.11.19"]
[WhiteTeam "64 Villalba"]
[BlackTeam "Alcorcon"]
[WhiteTeamCountry "ESP"]
[BlackTeamCountry "ESP"]

1. e4 e5 2. Nf3 Nf6 3. Nxe5 d6 4. Nc4 Nxe4 5. Qe2 Qe7 6. Ne3 c6 7. c4 g6 8. d3
Nf6 9. Nc3 Bg7 10. g3 h5 11. Bg2 h4 12. O-O hxg3 13. hxg3 Bh3 14. Bxh3 Rxh3 15.
Re1 Kf8 16. Ng2 Qd7 17. Nh4 Na6 18. Bg5 Ng4 19. Qf3 Ne5 20. Rxe5 dxe5 21. Nxg6+
Kg8 22. Ne7+ Kf8 23. Nf5 Qe6 24. Ne4 Bh8 25. Qg4 Rh7 26. Be7+ Qxe7 27. Nxe7
Kxe7 28. Qf5 Rh6 29. Qg5+ Rf6 30. d4 1-0

[Event "Liga Madrileña - DH 2017-2018"]
[Site "Madrid ESP"]
[Date "2017.11.26"]
[Round "2.13"]
[White "Vallejo Diaz, Jesus"]
[Black "Ruperez Benito, Antonio"]
[Result "1/2-1/2"]
[WhiteElo "2223"]
[BlackElo "2324"]
[PlyCount "56"]
[EventDate "2017.11.19"]
[EventType "team-tourn"]
[EventRounds "14"]
[EventCountry "ESP"]
[SourceTitle "Ajedrez en Madrid"]
[Source "lmi"]
[SourceDate "2017.11.19"]
[WhiteTeam "Alcorcon"]
[BlackTeam "64 Villalba"]
[WhiteTeamCountry "ESP"]
[BlackTeamCountry "ESP"]

1. e4 e6 2. d4 d5 3. Nd2 Nf6 4. e5 Nfd7 5. f4 c5 6. c3 Nc6 7. Ndf3 cxd4 8. cxd4
f5 9. Bd3 Be7 10. Ne2 Nb6 11. O-O Bd7 12. Nc3 Rc8 13. h3 O-O 14. g4 Be8 15.
gxf5 exf5 16. Be3 Bh5 17. Kh2 Nb4 18. Bb1 Nc4 19. Bc1 Na6 20. Qb3 Rc6 21. Qxb7
Nb4 22. a3 Rc7 23. Qxc7 Qxc7 24. axb4 Qb7 25. b5 Bb4 26. Bd3 Bxf3 27. Rxf3 Bxc3
28. bxc3 g6 1/2-1/2

[Event "Liga Madrileña - DH 2017-2018"]
[Site "Madrid ESP"]
[Date "2017.11.26"]
[Round "2.14"]
[White "Gimenez Menchon, Cesar"]
[Black "Aguilera Lopez, Alejandro"]
[Result "0-1"]
[WhiteElo "2171"]
[BlackElo "2208"]
[PlyCount "80"]
[EventDate "2017.11.19"]
[EventType "team-tourn"]
[EventRounds "14"]
[EventCountry "ESP"]
[SourceTitle "Ajedrez en Madrid"]
[Source "lmi"]
[SourceDate "2017.11.19"]
[WhiteTeam "64 Villalba"]
[BlackTeam "Alcorcon"]
[WhiteTeamCountry "ESP"]
[BlackTeamCountry "ESP"]

1. e4 c5 2. c3 Nf6 3. e5 Nd5 4. d4 cxd4 5. Nf3 e6 6. cxd4 d6 7. Bc4 Nc6 8. O-O
Be7 9. exd6 Bxd6 10. Nc3 O-O 11. Bd3 Nf4 12. Be4 f5 13. Bxc6 bxc6 14. Qa4 Qc7
15. Bxf4 Bxf4 16. Rfe1 Rb8 17. Re2 Bd7 18. Ne5 Bxe5 19. dxe5 c5 20. Qc4 Rb4 21.
Qa6 Bc6 22. Rd2 Rd4 23. Qe2 Rfd8 24. Rc2 Qd7 25. f3 Rd3 26. Re1 c4 27. Qf2 Qe7
28. Ree2 Qg5 29. Qg3 Qh6 30. Qf2 R8d4 31. Qe1 Rh4 32. Qc1 Qh5 33. h3 Qg6 34.
Kh2 Bxf3 35. gxf3 Rxf3 36. Rg2 Rfxh3+ 37. Kg1 Rh1+ 38. Kf2 Rxc1 39. Rxc1 Qh6
40. Ne2 Re4 0-1

[Event "Liga Madrileña - DH 2017-2018"]
[Site "Madrid ESP"]
[Date "2017.11.26"]
[Round "2.15"]
[White "Prieto Martin, Alfonso"]
[Black "Pascual Palomo, Lucia"]
[Result "1-0"]
[WhiteElo "2201"]
[BlackElo "2117"]
[PlyCount "61"]
[EventDate "2017.11.19"]
[EventType "team-tourn"]
[EventRounds "14"]
[EventCountry "ESP"]
[SourceTitle "Ajedrez en Madrid"]
[Source "lmi"]
[SourceDate "2017.11.19"]
[WhiteTeam "Alcorcon"]
[BlackTeam "64 Villalba"]
[WhiteTeamCountry "ESP"]
[BlackTeamCountry "ESP"]

1. e4 e6 2. d4 d5 3. Nd2 dxe4 4. Nxe4 Nf6 5. Nxf6+ Qxf6 6. Nf3 h6 7. Bd3 c5 8.
Be3 Nc6 9. O-O Be7 10. dxc5 Qxb2 11. Nd4 a6 12. Nxc6 bxc6 13. Be4 O-O 14. Bxc6
Ra7 15. Be4 f5 16. c6 Ra8 17. Bf3 a5 18. Re1 Bf6 19. Qd6 Qxc2 20. Rec1 Qa4 21.
Rab1 Qxa2 22. c7 Ra6 23. Rb6 Rxb6 24. Bxb6 Qb2 25. Rd1 Be5 26. Qc5 g5 27. Bxa5
g4 28. Bc6 Kg7 29. g3 Qe2 30. Re1 Qb2 31. Qxe5+ 1-0

[Event "Liga Madrileña - DH 2017-2018"]
[Site "Madrid ESP"]
[Date "2017.11.26"]
[Round "2.16"]
[White "Veganzonez Rojo, David"]
[Black "Ramos del Campo, Alexander"]
[Result "0-1"]
[WhiteElo "2110"]
[BlackElo "2164"]
[PlyCount "120"]
[EventDate "2017.11.19"]
[EventType "team-tourn"]
[EventRounds "14"]
[EventCountry "ESP"]
[SourceTitle "Ajedrez en Madrid"]
[Source "lmi"]
[SourceDate "2017.11.19"]
[WhiteTeam "64 Villalba"]
[BlackTeam "Alcorcon"]
[WhiteTeamCountry "ESP"]
[BlackTeamCountry "ESP"]

1. d4 Nf6 2. Bf4 c5 3. c3 e6 4. e3 Be7 5. h3 O-O 6. Nf3 b6 7. Nbd2 Bb7 8. Bd3
d6 9. O-O Qc7 10. Bh2 Nbd7 11. e4 cxd4 12. cxd4 Rac8 13. Qe2 Rfe8 14. Rfe1 Nf8
15. Nb1 Ng6 16. Nc3 Qb8 17. Rac1 Bf8 18. Ba6 e5 19. d5 Rc7 20. a4 Bxa6 21. Qxa6
Qc8 22. Qd3 Nd7 23. Nd2 Nc5 24. Qe2 Nxa4 25. Ndb1 Nxc3 26. Nxc3 a6 27. Na2 Ree7
28. g3 b5 29. Kg2 Rc5 30. Bg1 Rec7 31. Qe3 a5 32. Rxc5 Rxc5 33. Nc3 Be7 34. Qd3
Qd7 35. f3 b4 36. Bxc5 bxc3 37. Ba3 cxb2 38. Bxb2 h5 39. h4 Bxh4 40. Rh1 Qb7
41. Bc1 Bd8 42. Rxh5 Bb6 43. Qb5 Qc7 44. Qe8+ Nf8 45. Bg5 f6 46. Bh4 Qd7 47.
Qa8 Qd8 48. Qc6 g5 49. Bxg5 fxg5 50. Rh6 Bc5 51. f4 exf4 52. e5 Qe7 53. e6 Kg7
54. Rh1 Ng6 55. Rb1 Bb4 56. Qd7 Kf6 57. Qc8 Qh7 58. Rh1 f3+ 59. Kg1 Bc5+ 60.
Qxc5 Qxh1+ 0-1

[Event "Liga Madrileña - DH 2017-2018"]
[Site "Madrid ESP"]
[Date "2017.11.26"]
[Round "2.21"]
[White "Suarez Uriel, Adrian"]
[Black "Lianes Garcia, Marcos"]
[Result "1-0"]
[WhiteElo "2396"]
[BlackElo "2318"]
[PlyCount "175"]
[EventDate "2017.11.19"]
[EventType "team-tourn"]
[EventRounds "14"]
[EventCountry "ESP"]
[SourceTitle "Ajedrez en Madrid"]
[Source "lmi"]
[SourceDate "2017.11.19"]
[WhiteTeam "La Casa del Ajedrez"]
[BlackTeam "Villaverde"]
[WhiteTeamCountry "ESP"]
[BlackTeamCountry "ESP"]

1. e4 e5 2. Nf3 Nc6 3. Bc4 Bc5 4. c3 Nf6 5. d3 O-O 6. O-O d5 7. exd5 Nxd5 8.
Re1 Bg4 9. Nbd2 Nb6 10. Bb5 Bd6 11. h3 Bh5 12. Ne4 f5 13. Ng3 Bxf3 14. Qxf3 Qd7
15. a4 a6 16. Bxc6 Qxc6 17. Qxc6 bxc6 18. a5 Nd7 19. d4 exd4 20. cxd4 c5 21. d5
Rfe8 22. Bd2 g6 23. Bc3 Kf7 24. Nf1 Nf6 25. Bxf6 Kxf6 26. Ne3 Be5 27. Nc4 Rad8
28. Kf1 g5 29. Rad1 h5 30. d6 Bxd6 31. Rxe8 Rxe8 32. Nxd6 cxd6 33. Rxd6+ Re6
34. Rd8 Ke5 35. Ke2 c4 36. Ke3 f4+ 37. Kf3 Kf5 38. Rf8+ Kg6 39. h4 gxh4 40.
Rxf4 Re5 41. Rxh4 Rc5 42. Rd4 Kg5 43. Ke4 c3 44. bxc3 Rxc3 45. Rd5+ Kg4 46. Rd6
Rc2 47. Rxa6 Re2+ 48. Kd4 Rxf2 49. Kc4 Ra2 50. Ra8 Kg3 51. Rg8+ Kh2 52. Kb5
Rb2+ 53. Kc4 Ra2 54. Rg5 h4 55. Kd3 Ra3+ 56. Ke4 Ra2 57. Kd3 Ra3+ 58. Kd4 Ra2
59. Ke3 Ra3+ 60. Ke4 Ra2 61. Kf3 Ra3+ 62. Kg4 Ra4+ 63. Kh5 Kg1 64. Rg4 Rxa5+
65. Kxh4 Kf2 66. Rg6 Ra1 67. g4 Kf3 68. Rf6+ Ke4 69. Kg5 Rg1 70. Kh5 Ke5 71. g5
Rh1+ 72. Kg6 Rg1 73. Rf2 Ke6 74. Re2+ Kd7 75. Kf6 Rf1+ 76. Kg7 Rg1 77. g6 Rf1
78. Kh7 Rh1+ 79. Kg8 Rf1 80. g7 Rg1 81. Re4 Kd6 82. Kf7 Rf1+ 83. Kg6 Rg1+ 84.
Kf6 Rg2 85. Rd4+ Kc6 86. Rd8 Rf2+ 87. Kg5 Re2 88. Kf4 1-0

[Event "Liga Madrileña - DH 2017-2018"]
[Site "Madrid ESP"]
[Date "2017.11.26"]
[Round "2.22"]
[White "Diezma Aganzo, Jose Luis"]
[Black "Candela Perez, Jose"]
[Result "1/2-1/2"]
[WhiteElo "2233"]
[BlackElo "2373"]
[PlyCount "42"]
[EventDate "2017.11.19"]
[EventType "team-tourn"]
[EventRounds "14"]
[EventCountry "ESP"]
[SourceTitle "Ajedrez en Madrid"]
[Source "lmi"]
[SourceDate "2017.11.19"]
[WhiteTeam "Villaverde"]
[BlackTeam "La Casa del Ajedrez"]
[WhiteTeamCountry "ESP"]
[BlackTeamCountry "ESP"]

1. e4 e5 2. Nf3 Nc6 3. Bb5 a6 4. Ba4 d6 5. c3 Bd7 6. d4 Nge7 7. Be3 Ng6 8. h4
Be7 9. g3 O-O 10. d5 Nb8 11. Bxd7 Nxd7 12. Nbd2 c6 13. c4 a5 14. h5 Nh8 15. Nh4
Bxh4 16. gxh4 f6 17. Qg4 Rf7 18. O-O-O Nf8 19. Kb1 Qd7 20. Qxd7 Rxd7 21. Nf1 c5
1/2-1/2

[Event "Liga Madrileña - DH 2017-2018"]
[Site "Madrid ESP"]
[Date "2017.11.26"]
[Round "2.23"]
[White "Fernandez de Bobadilla, Gabriel"]
[Black "Quispe Arteaga, Gabriel"]
[Result "0-1"]
[WhiteElo "2213"]
[BlackElo "2222"]
[PlyCount "90"]
[EventDate "2017.11.19"]
[EventType "team-tourn"]
[EventRounds "14"]
[EventCountry "ESP"]
[SourceTitle "Ajedrez en Madrid"]
[Source "lmi"]
[SourceDate "2017.11.19"]
[WhiteTeam "La Casa del Ajedrez"]
[BlackTeam "Villaverde"]
[WhiteTeamCountry "ESP"]
[BlackTeamCountry "ESP"]

1. d4 Nf6 2. c4 e6 3. Nc3 Bb4 4. e3 O-O 5. Nge2 b6 6. a3 Bxc3+ 7. Nxc3 Bb7 8.
d5 c6 9. dxc6 dxc6 10. Be2 Qxd1+ 11. Bxd1 c5 12. f3 Nc6 13. Bc2 Rfd8 14. Ke2
Ba6 15. b3 Nd5 16. Bb2 Nxc3+ 17. Bxc3 b5 18. b4 bxc4 19. bxc5 Ne7 20. e4 Rdc8
21. Rhd1 Rxc5 22. Rd6 Rc6 23. Rad1 Rxd6 24. Rxd6 Bb5 25. a4 Be8 26. Ra6 Nc6 27.
Ke3 Rb8 28. a5 Rd8 29. Kf4 e5+ 30. Ke3 Nd4 31. Bb1 Nb5 32. Bxe5 f6 33. Bb2 c3
34. Ba2+ Kf8 35. Bxc3 Nxc3 36. Bc4 Bb5 37. Bxb5 Nxb5 38. Rc6 Ke7 39. Rc5 Nd6
40. g4 Rc8 41. Rd5 Ke6 42. h4 Rb8 43. Rd4 Rb3+ 44. Kf4 Nf7 45. Rd1 Ne5 0-1

[Event "Liga Madrileña - DH 2017-2018"]
[Site "Madrid ESP"]
[Date "2017.11.26"]
[Round "2.24"]
[White "Iagar, Razvan Gabriel"]
[Black "Gil Quilez, David"]
[Result "1/2-1/2"]
[WhiteElo "2170"]
[BlackElo "2205"]
[PlyCount "53"]
[EventDate "2017.11.19"]
[EventType "team-tourn"]
[EventRounds "14"]
[EventCountry "ESP"]
[SourceTitle "Ajedrez en Madrid"]
[Source "lmi"]
[SourceDate "2017.11.19"]
[WhiteTeam "Villaverde"]
[BlackTeam "La Casa del Ajedrez"]
[WhiteTeamCountry "ESP"]
[BlackTeamCountry "ESP"]

1. d4 f5 2. Nf3 Nf6 3. g3 g6 4. Bg2 Bg7 5. O-O O-O 6. c4 d6 7. Nc3 Nc6 8. d5
Na5 9. Qa4 c5 10. dxc6 Nxc6 11. Rd1 Qa5 12. Qb3 Kh8 13. Bd2 Qb4 14. Qxb4 Nxb4
15. Nb5 Nc6 16. Bc3 Ne8 17. Bxg7+ Kxg7 18. Nfd4 Bd7 19. b3 a6 20. Nc3 Nf6 21.
Nd5 Nxd5 22. Bxd5 Kf6 23. Bg2 Rac8 24. e3 Rc7 25. Ne2 Ne5 26. Nc3 Bc6 27. Bxc6
1/2-1/2

[Event "Liga Madrileña - DH 2017-2018"]
[Site "Madrid ESP"]
[Date "2017.11.26"]
[Round "2.25"]
[White "Yingrui, Lin"]
[Black "Garcia Dorado, Alberto"]
[Result "1/2-1/2"]
[WhiteElo "2049"]
[BlackElo "2146"]
[PlyCount "89"]
[EventDate "2017.11.19"]
[EventType "team-tourn"]
[EventRounds "14"]
[EventCountry "ESP"]
[SourceTitle "Ajedrez en Madrid"]
[Source "lmi"]
[SourceDate "2017.11.19"]
[WhiteTeam "La Casa del Ajedrez"]
[BlackTeam "Villaverde"]
[WhiteTeamCountry "ESP"]
[BlackTeamCountry "ESP"]

1. d4 d5 2. Nf3 Nf6 3. e3 c6 4. c4 e6 5. Bd3 Nbd7 6. Nbd2 Bd6 7. c5 Bc7 8. e4
dxe4 9. Nxe4 Nxe4 10. Bxe4 e5 11. O-O exd4 12. Bg5 Nf6 13. Re1 O-O 14. Qc2 h6
15. Bh4 Bg4 16. Qb3 Bxf3 17. Qxf3 g5 18. Bg3 Bxg3 19. hxg3 Nxe4 20. Qxe4 Re8
21. Qf5 Kg7 22. Kf1 Qf6 23. Qd3 Rad8 24. b4 Qg6 25. Rad1 Qxd3+ 26. Rxd3 Rxe1+
27. Kxe1 a5 28. Rb3 axb4 29. Rxb4 Rd7 30. Kd2 Kf6 31. Kd3 Ke5 32. Rc4 f5 33. f3
Rd5 34. a3 h5 35. a4 f4 36. g4 hxg4 37. fxg4 Rd8 38. Rb4 Rd7 39. a5 f3 40. gxf3
Rf7 41. Kc4 Kf4 42. Rb3 Rd7 43. Rd3 Ke5 44. Rb3 Kf4 45. Rd3 1/2-1/2

[Event "Liga Madrileña - DH 2017-2018"]
[Site "Madrid ESP"]
[Date "2017.11.26"]
[Round "2.26"]
[White "Lopez Andujar Ocaña, Antonio"]
[Black "Unciti Juan, Javier"]
[Result "0-1"]
[WhiteElo "2094"]
[BlackElo "1999"]
[PlyCount "78"]
[EventDate "2017.11.19"]
[EventType "team-tourn"]
[EventRounds "14"]
[EventCountry "ESP"]
[SourceTitle "Ajedrez en Madrid"]
[Source "lmi"]
[SourceDate "2017.11.19"]
[WhiteTeam "Villaverde"]
[BlackTeam "La Casa del Ajedrez"]
[WhiteTeamCountry "ESP"]
[BlackTeamCountry "ESP"]

1. c4 e6 2. Nc3 d5 3. d4 c5 4. cxd5 exd5 5. Nf3 Nc6 6. g3 Nf6 7. Bg2 Be7 8. O-O
O-O 9. Bg5 c4 10. Ne5 Be6 11. f4 h6 12. Bxf6 Bxf6 13. e3 Ne7 14. Qd2 Qa5 15. b4
cxb3 16. axb3 Qb4 17. Nd3 Qd6 18. Ra5 b6 19. Ra6 Qd7 20. Rfa1 Rfc8 21. Nb4 Rc7
22. f5 Bxf5 23. Ncxd5 Nxd5 24. Nxd5 Rc2 25. Nxb6 Qd8 26. Qe1 Rxg2+ 27. Kxg2
Be4+ 28. Kf2 axb6 29. Rxb6 Rc8 30. Ra2 Qd7 31. Kg1 Bxd4 32. Qd2 Rc1+ 33. Qxc1
Bxb6 34. Re2 Qd3 35. Kf2 Qxb3 36. Qc8+ Kh7 37. Qe8 Qd5 38. Qc8 Qh5 39. Ke1 Ba5+
0-1

[Event "Liga Madrileña - DH 2017-2018"]
[Site "Madrid ESP"]
[Date "2017.11.26"]
[Round "2.31"]
[White "Valles Moreno, Ivan"]
[Black "Vazquez Igarza, Renier"]
[Result "0-1"]
[WhiteElo "2428"]
[BlackElo "2570"]
[PlyCount "82"]
[EventDate "2017.11.19"]
[EventType "team-tourn"]
[EventRounds "14"]
[EventCountry "ESP"]
[SourceTitle "Ajedrez en Madrid"]
[Source "lmi"]
[SourceDate "2017.11.19"]
[WhiteTeam "Liberty Chess"]
[BlackTeam "Collado Villalba"]
[WhiteTeamCountry "ESP"]
[BlackTeamCountry "ESP"]

1. e4 c5 2. Nf3 e6 3. d4 cxd4 4. Nxd4 a6 5. c4 Nf6 6. Nc3 d6 7. Be2 g6 8. O-O
Bg7 9. Bg5 O-O 10. Qd2 Qc7 11. Rad1 b6 12. Nb3 Ne8 13. Bf4 Be5 14. Bxe5 dxe5
15. Qh6 Nc6 16. Rd3 Bb7 17. Rh3 f6 18. Na4 Rd8 19. Nxb6 Nd4 20. Bg4 f5 21. exf5
exf5 22. Bd1 Ne6 23. c5 Nf6 24. Na5 Nf4 25. Bb3+ Kh8 26. Rg3 Ne4 27. Nxb7 Qxb7
28. Rf3 Nxc5 29. Nc4 Rfe8 30. h4 Ncd3 31. h5 Qg7 32. Qxg7+ Kxg7 33. hxg6 Ne2+
34. Kh2 hxg6 35. g3 e4 36. Re3 Nd4 37. f4 exf3 38. Rexf3 Re2+ 39. Kg1 Nxf3+ 40.
Rxf3 Nxb2 41. Kf1 Rde8 0-1